| 000 | nam a22 7a 4500 | ||
|---|---|---|---|
| 999 |
_c28875 _d28875 |
||
| 008 | 170408b xxu||||| |||| 00| 0 eng d | ||
| 050 | _aHF 5351 B78 2003 | ||
| 100 | _aGearty Timothy F. | ||
| 245 |
_aBusiness Environment & concepts / _cTimothy F. Gearty...[et al.]. |
||
| 260 |
_aCanada : _bBecker Conviser, _c2003 |
||
| 300 |
_avi,157p. : _bill. ; _c28cm |
||
| 650 | _aFinancial Accounting & reportting | ||
| 650 | _aAuditing | ||
| 650 | _aBusiness Environment & concepts | ||
| 700 | _aLisa M. Thayer...[et al.]. | ||
| 942 |
_2lcc _cBOOKS _hHF 5351 .B78 2003 |
||